000 01033nam a2200277Ia 4500
003 GCL
008 140319s9999 xx 000 0 ara d
020 _a9192283977
040 _aGCL /
_cGCL
082 0 4 _a183
_bع م
100 1 _aعبدالغفار مكاوى
245 1 0 _aمدرسة الحكمة :
_bدراسات فى فلسفة بارمينيدز - هيراقليطيس - سقراط - افلاطون - افلوطين - بوئتيوس - باسكال - نيتشه - هيدجر - البير كامى /
_cعبدالغفار مكاوى
250 _aالثانية
260 _aالقاهرة :
_bدار شرقيات للنشر ،
_c2006
300 _a313 ص ؛
_c24 سم
650 0 4 _aالمذاهب الفلسفية
650 0 4 _aالفلسفة الغربية
650 0 4 _aسارتر، جان بول
650 0 4 _aافلاطون
650 0 4 _aهيدجر
650 0 4 _aهيرقليطس
650 0 4 _aالبيركامى
650 0 4 _aباسكال ( فيلسوف )
650 0 4 _aبوئتيوس
942 _2ddc
_cBK
999 _c8937
_d8937